000 01228nam a22001577a 4500
999 _c522130
_d522130
008 230313b ||||| |||| 00| 0 eng d
100 _aHolzmann, V. Zitter, D. and Peshkess, S.
_938665
245 _aThe expectations of project managers from artificial intelligence: A Delphi study
260 _aProject Management Journal
300 _a53(5), Oct, 2022: p.438-455
520 _aArtificial intelligence (AI) technologies are rapidly developing these days and are expected to impact the field of project management on multiple levels; however, there remains a high level of uncertainty regarding the effect that AI might have on project management practices. This article aims to address this topic based on a Delphi study with a panel of 52 project management experts who reflected on future potential AI applications for the project management Knowledge Areas. The article provides a visionary perspective that can be further translated into practical solutions in the near and far future to improve project management practices.- Reproduced
650 _aArtificial intelligence, project management, Delphi study.
_936818
773 _aProject Management Journal
906 _aARTIFICIAL INTELLIGENCE
942 _cAR